00348nam a2200133Ia 4500008004100000020001500041041001200056082001600068100000800084245007500092260002900167300001000196650000800206221030s9999 xx 000 0 und d a8170298202 aEnglish a105.23bBPB aBPB 0aUpto Date Linear ICS Data & Comparision Tables A99....UPC 4741cby BPB bBPB PubaNew Delhic1997 a5.199 aECE